Gender and Generosity: Does Degree of Anonymity or Group Gender Composition Matter?

Na minha lista:
Detalhes bibliográficos
Autor principal: Cadsby, C. Bram
Outros Autores: Servátka, Maroš, 1976-, Song, Fei
Formato: Capítulo de Livro
Idioma:inglês
Assuntos:
Tags: Adicionar Tag
Sem tags, seja o primeiro a adicionar uma tag!

MARC

LEADER 00000naa a2200000 4500
001 0283199
005 20240725102250.6
041 0 |a eng 
044 |a NL 
245 1 0 |a Gender and Generosity: Does Degree of Anonymity or Group Gender Composition Matter?  |c C. Bram Cadsby, Maroš Servátka, Fei Song 
610 2 0 |a experimenty 
610 2 0 |a psychológia 
610 2 0 |a ženy 
610 2 0 |a muži 
100 1 |a Cadsby, C. Bram 
700 1 |a Servátka, Maroš, 1976- 
700 1 |a Song, Fei